La habitación (Record no. 159723)
[ view plain ]
| 000 -LEADER | |
|---|---|
| campo de control de longitud fija | 01253nam a2200289 i 4500 |
| 001 - NÚMERO DE CONTROL | |
| campo de control | 159723 |
| 003 - IDENTIFICADOR DE NÚMERO DE CONTROL | |
| campo de control | ES-MaACL |
| 005 - FECHA Y HORA DE LA ÚLTIMA TRANSACCIÓN | |
| campo de control | 20230906211748.0 |
| 008 - DATOS DE LONGITUD FIJA--INFORMACIÓN GENERAL | |
| campo de control de longitud fija | 950322s1879 sp af |||| | spa d |
| 100 1# - ENTRADA PRINCIPAL--NOMBRE DE PERSONA | |
| Nombre de persona | Miquel y Badia, Francisco. |
| 9 (RLIN) | 129958 |
| 245 13 - MENCIÓN DEL TÍTULO | |
| Título | La habitación |
| Resto del título | : cartas a una señorita ; Muebles y tapices : segunda serie de cartas a una señotita sobre La habitación / |
| Mención de responsabilidad, etc. | por F. Miquel y Badía. |
| 246 30 - FORMA VARIANTE DEL TITULO | |
| Título propio/Titulo breve | Muebles y tapices |
| 260 ## - PUBLICACIÓN, DISTRIBUCIÓN, ETC. | |
| Lugar de publicación, distribución, etc. | Barcelona : |
| Nombre del editor, distribuidor, etc. | Libr. de Juan y Antonio Bastinos, ed., |
| Fecha de publicación, distribución, etc. | 1879 ( |
| Fabricante | Imp. de Jaime Jepús) |
| 300 ## - DESCRIPCIÓN FÍSICA | |
| Extensión | 173, 170 p. : |
| Otras características físicas | il. ; |
| Dimensiones | 19 cm. |
| 490 1# - MENCIÓN DE SERIE | |
| Mención de serie | Enciclopedia para la juventud |
| 530 ## - NOTA DISPONIBLE DE FORMULARIO FÍSICO ADICIONAL | |
| Nota de formato físico adicional disponible | Disponible en formato digital. |
| 599 ## - NOTA A LAS ILUSTRACIONES | |
| NOTA A LAS ILUSTRACIONES | Anteport. con il. |
| 599 ## - NOTA A LAS ILUSTRACIONES | |
| NOTA A LAS ILUSTRACIONES | Las il. son grab. sobre distintos muebles, intercaladas en el texto. De las il. hay 11 h. de lám. lit. de estancias y tapices. |
| 650 04 - PUNTO DE ACCESO ADICIONAL DE MATERIA--TÉRMINO DE MATERIA | |
| Término de materia o nombre geográfico como elemento de entrada | Decoración interior. |
| 9 (RLIN) | 11542 |
| 650 04 - PUNTO DE ACCESO ADICIONAL DE MATERIA--TÉRMINO DE MATERIA | |
| Término de materia o nombre geográfico como elemento de entrada | Muebles- |
| Subdivisión de forma | Historia. |
| 9 (RLIN) | 15238 |
| 650 #4 - PUNTO DE ACCESO ADICIONAL DE MATERIA--TÉRMINO DE MATERIA | |
| Término de materia o nombre geográfico como elemento de entrada | Tapices- |
| Subdivisión general | Historia. |
| 9 (RLIN) | 161551 |
| 752 ## - ENTRADA AGREGADA--NOMBRE JERÁRQUICO DEL LUGAR | |
| País o entidad superior | España - |
| Ciudad | Barcelona |
| 830 0# - PUNTO DE ACCESO ADICIONAL DE SERIE-TÍTULO UNIFORME | |
| Título uniforme | Enciclopedia para la juventud |
| 9 (RLIN) | 221965 |
| 852 ## - LOCALIZACIÓN | |
| Ubicación | ES-MaACL |
| Número de control de estantería | F-7035 |
| Nota libre | - Enc. pasta |
| 856 ## - LOCALIZACIÓN Y ACCESO ELECTRÓNICOS | |
| Identificador Uniforme de Recursos | <a href="http://bdh-rd.bne.es/viewer.vm?id=0000177350&page=1 ">http://bdh-rd.bne.es/viewer.vm?id=0000177350&page=1 </a> |
| Nota pública | Biblioteca Digital Hispánica |
| Estatus retirado | Estado de pérdida | Estado de daño | No para préstamo | Colección | Biblioteca de origen | Biblioteca actual | Ubicación en estantería | Fecha de adquisición | Total de préstamos | Signatura topográfica completa | Código de barras | Visto por última vez | Precio de reemplazo | Tipo de ítem Koha |
|---|---|---|---|---|---|---|---|---|---|---|---|---|---|---|
| Colección digital | Biblioteca del Ateneo de Madrid | Biblioteca del Ateneo de Madrid | Depósito 2 | 17/01/2008 | F-7035 | 1167212 | 23/02/2023 | 23/02/2023 | Libro impreso antiguo |
